Romeo and Juliet Quiz - Statistics

General Stats
  • This quiz has been taken 73 times
  • The average score is 10 of 15
Answer Stats
Hint Answer % Correct
Paris’ bride to be Juliet
96%
Juliet’s husband Romeo
94%
Romeo’s saucy friend Mercutio
90%
Romeos family Montague
87%
Juliet’s family Capulet
85%
Prince of Cats Tybalt
84%
Main theme of Romeo and Juliet Love
72%
Killed by Romeo Paris
72%
Who is Romeo’s original love interest Rosaline
72%
1996 Romeo Leonardo DiCaprio
64%
Montague’s kinsman Benvolio
63%
Married Romeo and Juilet Friar Laurence
48%
1996 Juliet Claire Danes
31%
1968 Juliet Olivia Hussey
15%
1968 Romeo Leonard Whiting
10%
No matching quizzes found
Score Distribution
Percent of People with Each Score
Percentile by Number Answered
Your Score History
You have not taken this quiz